zpět

Detail výsledku týmu

Bluesbar Garch, Olomouc

Datum a čas kvízu

40 Celkem bodů Celkový počet nahraných bodů na tomto kvízu bez doplňovacích otázek.
3. Pořadí na kvízu Konečné umístění týmu na tomto kvízu.

Zaznamenané odpovědi

# Otázka Odpověď Body Výsledky
1. V sobotu proběhlo v katedrále... Stanislav Přibyl 0
2. Dva zkušení borci, 66letý Joha... traktory 0
3. Studio Disney vydalo minulý tý... A) budou ve znakové řeči 0
4. Španělští archeologové objevil... B 0
5. Minulý týden se vyhlašovaly v... Aryna Sabalenka, Carlos Alcaraz 1
6. Vědci v minulosti několikrát t... D) kofein 0
7. Světová zdravotnická organizac... o Rumunsko 0
8. V červenci 2025 Senát schválil... 3 (2 a 4 za půl bodu) 1
9. Na které z fotografií se nachá... A) 1
10. Velení wehrmachtu si před začá... pervitin 1